01628cam a22003977a 4500003000500000005001700005008004100022010001000063011001000073035001000083040000900093090001000102100004100112245011400153260004100267300002000308502010300328590003700431590004100468590004100509590004100550590004200591650002400633650004000657650003500697650002700732650003400759901000700793905002600800942000900826949006200835949004900897999001700946952014000963952012701103CHAP20220817043816.0010920d2001 mx r 00110 spa d a85013 a85985 a96523 cCHAP aTesis00aDuana Ramos, María Matilde.93428510aAnálisis de la iniciativa de inocuidad alimentaria en frutas y hortalizasc/por María Matilde Duana Ramos aChapingo, Méx. :bEl autor,c2001. a90 h. ;banexos aTesis (Lic. en Comercio Internacional) -- UACH. División de Ciencias Económico Administrativas aALEPHb10c20130110lUCH01h1444 aBATCH-UPDb10c20130110lUCH01h0638 aBATCH-UPDb10c20130410lUCH01h0321 aBATCH-UPDb10c20130914lUCH01h0201 aCONVERSIONb10c20130109lUCH01h134714aAlimentosxCalidad.14aAlimentosxNormas de calidad.9425614aComercio internacional.92564114aFrutaxCalidad.94359714aInocuidad alimentaria.958836 aBK aAlejandra Carrasco M. cFOLL aTesisbBCcTESd33724000859757eTS2fc.2h38652i96523si aTesisbBCcTESd965231eTS1h38651i96523sb c85013d85013 00102local4053708TESISaBCbBCcPA_TESISd2019-12-31fTESISl0oTesisp33724000859757r2019-12-31 00:00:00tc.2w2019-12-31yTESIS 00102local4051708TESISaBCbBCcPA_TESISd2019-12-31fTESISl0oTesisp965231r2019-12-31 00:00:00w2019-12-31yTESIS